Uusi Päivä jaksot kaudet 6-9 - Statistics

Yleistilastot
  • Tätä visaa on pelattu 9 kertaa
  • Keskiarvotulos 12 / 311
Vastaustilastot
Kausi Vastaus % Oikein
Melkein kolmet häät
75%
Melkein kolmet jäähyväiset
75%
Perhosen kosketus
75%
Räjähdyksen jälkeen
50%
Räjähdysaltista
50%
Äideistä parhain
25%
Eka kerta
25%
Ensiaskeleet
25%
Eroja ja enteitä
25%
Häähumussa
25%
Joulun taikaa
25%
Juhannuksen taikaa
25%
Juhlahumussa
25%
Juhla poikineen
25%
8. Kipuilua
25%
Kotilieden kutsu
25%
Lähdön hetki
25%
Mesikämmenen kosto
25%
Palaneen käryä
25%
Peuran paluu
25%
Rakkauden hautajaiset
25%
Salaisuuksia
25%
6. Sydän verillä
25%
Syke
25%
Titanic
25%
Tunnustuksia
25%
Tuntematon muuttuja
25%
Unettomat Virtauksessa
25%
Uusi keikkabussi
25%
Uusi tyttö
25%
Väärät nuotit
25%
Valkoisia valheita
25%
Valkolakit
25%
Vatsanväänteitä
25%
Yksi miljoonasta
25%
Yllätyksiä
25%
Yllätysten päivä
25%
Äärimmäisiä tekoja
0%
Äijäenergiaa
0%
Ällösöpöä
0%
Apua tarjolla
0%
Arpia sydämessä
0%
Arvokas löytö
0%
Ässä hihassa
0%
Aurinkokaupunki
0%
Auttajat
0%
Daavid vastaan Goljat
0%
Diplomatiaa
0%
Eilen ja huomenna
0%
Ei puolikasta
0%
Ei vain yhden illan juttu
0%
Elämänfilosofiaa
0%
Elämän hallintaa
0%
Elävien kirjoihin
0%
Elekieltä
0%
Elossa
0%
Ensi silmäyksellä
0%
Epäilyksen varjo
0%
Epäilystä eroon
0%
Epämukavuusalue
0%
Eron kautta uuteen
0%
Frendit
0%
Hämähäkkimies
0%
Hämärän rajamailla
0%
Hammasharjasyndrooma
0%
Hankaussähköä
0%
Harha-askelia
0%
Harhaluuloja
0%
Harhautuksia
0%
Hellämieliset
0%
Heräämisiä
0%
Herkin sormin
0%
Herravihaa
0%
Hetken lapset
0%
Homma hanskassa
0%
Houkutuslintu
0%
Huolestumisia
0%
Huomautuksia
0%
Huterat haaveet
0%
Huumemuuli
0%
Hyviä aikeita
0%
Hyviä tekoja
0%
Isä
0%
Isänpäivä
0%
Itsenäisiä naisia
0%
Johtolankoja
0%
Joko tai
0%
Kaarnalaivalla kevääseen
0%
Kadoksissa
0%
Kahden tulen välissä
0%
Kahden vaiheilla
0%
Kaikki ei ole sitä miltä näyttää
0%
Kaksoset
0%
Karkkeja ja kepposia
0%
Katoava voileipä
0%
Kehittämistarpeita
0%
Kello käy
0%
Ketunhäntä kainalossa
0%
Kielletyt tunteet
0%
Kilpailuvietti saa vallan
0%
Kipeä tunnustus
0%
Kirje
0%
Kissanaiset
0%
Kiusauksia
0%
Kiven vartijat
0%
Kohtalon hetkiä
0%
Kolmas pyörä
0%
Korjausliikkeitä
0%
Koska rakastan
0%
Kovaa peliä
0%
Kukkaterveiset
0%
Kuokkavieras
0%
Kuolleen miehen keikka
0%
Kutsumattomia vieraita
0%
Kuulevat korvat
0%
Kuulustelu
0%
Kuuma mainos
0%
Kuunteluoppilaat
0%
Kuurupiiloa
0%
Lähentelyä
0%
Lähentymisiä
0%
Lainahöyhenissä
0%
Lämpimiä tunteita
0%
Lanka palaa
0%
Lapselle isä
0%
Lasten parhaaksi
0%
Laulujen lunnaat
0%
Lennokasta
0%
Liittolaiset
0%
Likapyykkiä
0%
Linssin viilausta
0%
Loukkauksia
0%
Loukussa
0%
Löytö
0%
Luonnon ääniä
0%
Luonnon kutsu
0%
Luopumisen aika
0%
Luopumisia
0%
Luottamuspula
0%
Luovuus kukkii
0%
Lupauksia
0%
Lusikat
0%
Melkoista menoa
0%
Miesmalli
0%
Monet toiveet
0%
Murtumispiste
0%
Mustankipeyttä
0%
Mutkia
0%
Muunneltua totuutta
0%
Mysteerinainen
0%
Naamiot putoavat
0%
Nainen menneisyydestä
0%
Naisen valta
0%
Neuvoista parhaat
0%
Neuvonantoa
0%
Odottamattomia vieraita
0%
Oikotien kautta
0%
Oma huone
0%
Onnenkauppaa
0%
Opin koulu
0%
Outoja yövieraita
0%
Päätöksiä
0%
Painajaisia
0%
Päin prinkkalaa
0%
Pakkomielteitä
0%
Palava sydän
0%
Paljon melua tuhkasta
0%
Parantajat
0%
Pedon merkki
0%
Peliliikkeitä
0%
Pelisäännöt
0%
Pesäeroja ja bonuksia
0%
Pettymyksiä
0%
Pieniä virheitä
0%
Pikkusisko
0%
Pikkusiskon paluu
0%
Pilalla
0%
Pimeää touhua
0%
Pokerinaamat
0%
Poukkoilevat parisuhteet
0%
Puhevälit
0%
Puhtain asein
0%
Puun takaa
0%
Pyyteetöntä apua
0%
Rahamies
0%
Rakkaus roihuaa
0%
Rehellisyys maan perii
0%
Riehakas juhlakalu
0%
Riisutut naamiot
0%
Riitasointuja
0%
Rikoksen jäljillä
0%
Rikos ja rangaistus
0%
Rikottu patsas
0%
Ristivetoa
0%
Rohkea possu
0%
Rokkielämää
0%
Roolipeliä
0%
Rotta
0%
Salaisia siirtoja
0%
Salaisuuden vartijat
0%
Salaisuudet paljastuvat
0%
Salaisuuksien vartija
0%
Salakuvaaja
0%
Salat paljastuvat
0%
Salattuja tekoja
0%
Sandaalihäät
0%
Sanoista tekoihin
0%
Sarvipää
0%
Sattuvat sanat
0%
Savuverho
0%
Selkien takana
0%
Shokkihoitoa
0%
Siedätyshoitoa
0%
Signaaleja
0%
Sikajuhlat
0%
Silmä silmästä
0%
Sinisilmäisyyttä
0%
Sinnikkyyttä
0%
Siteitä ja suhteita
0%
Sitoumuksia
0%
Sotaa ja rauhaa
0%
Suomut putoavat
0%
Suudelmat
0%
Suunnanmuutoksia
0%
Suunta muuttuu
0%
Suuntaviivoja
0%
Suuret setelit
0%
Suuria tilaisuuksia
0%
Suuri paljastus
0%
Suut supussa
0%
Sydämeen kätkettyä
0%
Sydämet solmussa
0%
Sydän sanoo niin
0%
Syvissä vesissä
0%
9. Syyllinen
0%
Syyllisyyden varjo
0%
Tää tapahtuu mulle!
0%
Tähtitaivaan alla
0%
Taistelu
0%
Taivas putoaa
0%
Talonvaltaus
0%
Tappion maisemissa
0%
Tärinää
0%
Teerenpeliä
0%
Tiedustelija
0%
Tienhaarassa
0%
Tieto lisää tuskaa
0%
Tikulla silmään
0%
Toisen omaa
0%
Toiveet nousevat
0%
Torjutut
0%
Tossua toisen eteen
0%
Totuuden etsijät
0%
Totuutta ja tehtävää
0%
Treffit
0%
Tuhoisat tunteet
0%
Tukevia olkapäitä
0%
Tulta päin
0%
Tunkeutujia
0%
Tunnekuohuja
0%
Tunneturbulenssia
0%
Tunnussana
0%
Tunteiden kirjoa
0%
Tuonpuoleinen
0%
Tuoreita tuulahduksia
0%
U-käännöksiä
0%
Unelmia ja irtiottoja
0%
7. Untako vain
0%
Uudestisyntynyt
0%
Uusia asukkaita
0%
Uusia avauksia
0%
Uusia kiemuroita
0%
Uutta päin
0%
Vääräleuka
0%
Väärät parit
0%
Vaatteet tekevät naisen
0%
Vaikeita valintoja
0%
Vain ystäviä
0%
Väistyvät varjot
0%
Valehyökkäys
0%
Valepukuja
0%
Valheen jäljet
0%
Valheiden verkko
0%
Valinnan paikka
0%
Valintoja
0%
Valintojen edessä
0%
Valkoinen kivi
0%
Valtaistuinpeli
0%
Valtapeliä
0%
Vanha viehättää
0%
Vapaus vai vastuu?
0%
Varjo
0%
Veden vangit
0%
Veren perintö
0%
Veri velvoittaa
0%
Viekkaudella ja vääryydellä
0%
Vierivä kivi ei sammaloidu
0%
Viettelyksiä
0%
Vihanhallintaa
0%
Viikinkejä näkyvissä
0%
Viimeinen tahto
0%
Viisaita neuvoja
0%
Ylilyöntejä
0%
Ylilyöntejä ja Irtiottoja
0%
Yllättävä löytö
0%
Yllätysbileet
0%
Ylpeys ja ennakkoluulo
0%
Ystävä hädässä
0%
Ehtoja vastaavia visoja ei löytynyt
Tulosjakauma
Jokaisen tuloksen saaneiden osuus
Persentiili vastausten määrän mukaan
Tuloshistoriasi
Et ole pelannut tätä visaa